The official scrabble players dictionary
| Format: | Book |
|---|---|
| Published: |
Massachusetts :
Meriam-Webster ,
1009
|
| Edition: | 2nd edi |
| Subjects: |
MARC
| LEADER | 00000cam a2200000 7i4500 | ||
|---|---|---|---|
| 001 | 0000001495 | ||
| 002 | 000001641 | ||
| 005 | 20080122.0 | ||
| 020 | |a 0877791201 | ||
| 090 | 0 | 0 | |a 793.73 |b OFF |
| 245 | 0 | 4 | |a The official scrabble players dictionary |
| 250 | |a 2nd edi | ||
| 260 | |a Massachusetts : |b Meriam-Webster , |c 1009 | ||
| 300 | |a 683p. ; |c 24cm. | ||
| 650 | 0 | 0 | |a Scrabble(Game) |x Glossaries,vocabularies,etc |
| 999 | |a 034033 |b BUKU |c RUJUKAN |e PERPUSTAKAAN KOMUNITI PETALING JAYA | ||